000 00618nam a2200205 a 4500
001 19312
003 CO-ViMGA
008 141112s2004 ck r 000 u spa d
020 _a9508021152
040 _aCO-ViMGA
_bspa
_cCO-ViMGA
082 0 4 _a306.85 B174i
100 1 _aBarg, Liliana
_927730
245 1 0 _aLa Intervención con la familia :
_buna perspectiva desde el trabajo social
260 _aBuenos Aires :
_bEspacio; 2000
300 _a142 p.
590 _aForma de adquisición : Premio Mincultura
650 1 4 _aPSICOTERAPIA FAMILIAR
_927731
650 1 4 _aTRABAJO SOCIAL - FAMILIAS
_927732
942 _2ddc
_cBK
999 _c28470
_d28470